Affordability at what price? (Record no. 79765)
[ view plain ]
| 000 -LEADER | |
|---|---|
| fixed length control field | 01088cab a22002055a 4500 |
| 001 - CONTROL NUMBER | |
| control field | L142298 |
| 008 - FIXED-LENGTH DATA ELEMENTS--GENERAL INFORMATION | |
| fixed length control field | 080201e20080125xxkd f s 000 0 eng d |
| 035 ## - SYSTEM CONTROL NUMBER | |
| System control number | (Sirsi) u142298 |
| 041 0# - LANGUAGE CODE | |
| Language code of text/sound track or separate title | eng |
| 100 1# - MAIN ENTRY--PERSONAL NAME | |
| Personal name | Morrison, Doug |
| 245 00 - TITLE STATEMENT | |
| Title | Affordability at what price? |
| 260 ## - PUBLICATION, DISTRIBUTION, ETC. | |
| Date of publication, distribution, etc. | 2008 |
| 490 ## - SERIES STATEMENT | |
| Series statement | Property Week |
| Volume/sequential designation | 73(4) 25 January 2008, 50-51(2) |
| 520 ## - SUMMARY, ETC. | |
| Summary, etc. | Examines London's residential market. Reports that the predicted slowdown in 2008 is unlikely to make it easier for buyers to get onto the housing ladder. Suggests that the Mayor's London Plan may be part of the reason why developers are not entering the affordable housing sector. The GLA is reducing the threshold for affordable developments from 15 to 10 in response to CBRE concerns that the threshold is making building too expensive. Provides land and housing statistics by borough and a league table of their performance against the mayor's targets. |
| 590 ## - LOCAL NOTE (RLIN) | |
| Local note | KA |
| 650 24 - SUBJECT ADDED ENTRY--TOPICAL TERM | |
| Topical term or geographic name entry element | Affordable housing |
| 9 (RLIN) | 6215 |
| 651 #4 - SUBJECT ADDED ENTRY--GEOGRAPHIC NAME | |
| Geographic name | London |
| 690 ## - LOCAL SUBJECT ADDED ENTRY--TOPICAL TERM (OCLC, RLIN) | |
| Topical term or geographic name as entry element | PROPERTY-RESIDENTIAL PROPERTY-RESIDENTIAL PROPERTY MARKET |
| 942 ## - ADDED ENTRY ELEMENTS (KOHA) | |
| Suppress in OPAC | 0 |
| Withdrawn status | Lost status | Source of classification or shelving scheme | Damaged status | Not for loan | Home library | Current library | Shelving location | Date acquired | Total Checkouts | Full call number | Barcode | Date last seen | Copy number | Price effective from | Koha item type |
|---|---|---|---|---|---|---|---|---|---|---|---|---|---|---|---|
| Dewey Decimal Classification | London | London | Journal article | 01/02/2008 | L142298 | 142298-1001 | 06/08/2019 | 1 | 06/08/2019 | Journal article |